000 00572nam a2200133Ia 4500
005 20260209120149.0
008 260209s9999||||xx |||||||||||||| ||und||
100 _aFagun Sahni
245 0 _aTechnological and asymmetric predicaments in international humanitarian law arising out of autonomous weapons systems and related technologies.
260 _aBangaloreBangalore
_bNLSIU, Bangalore
_c2023 - 2024
300 _a35 p. ; 25 cm.
700 _aDr. Akhila Basalalli - SupervisorDr. Akhila Basalalli - Supervisor
856 _uhttps://dans.nls.ac.in/handle/123456789/2098
999 _c217660
_d217660